LEADER 00988nam a2200253 a 4500 001 000000146526 003 CaOOAMICUS 005 20151015105954.0 008 151015s1921 fr u000 u fre r 032 $aLibriCat 040 $aPUL$bita 100 1 $aMandonnet, Pierre-Félix,$cO.P.,$d1858-1936.$0(OLS)http://pul/name/13040 245 10$aSaint Dominique :$bl'idée, l'homme, l'oeuvre /$cpar fr. Pierre Mandonnet. 260 $aGand :$bVeritas,$c1921. 300 $a183 p. ;$c16 cm. 490 1 $aEtudes religieuses 600 04$aDominicus,$cs.,$d1170-1221.$0(OLS)http://pul/subject/13683 830 0$aEtudes religieuses (Veritas).$0(OLS)http://pul/title/185166 850 $aPUL 852 $aPUL$W1$xDP1 Religione 1$y20$m642 E 59$j169451$qStampati$B170224$CPULBib$Z2$F170224 $81 941 1 $a8 996 $6245$aSaint Dominique :$bl'idée, l'homme, l'oeuvre$9(OLS)http://pul/title/28785 996 $6260$aGand :$bVeritas$9(OLS)http://pul/publisher/83952 LEADER 01724nam a2200337 a 4500 001 000000175039 003 CaOOAMICUS 005 20220314122848.0 008 220314s2020 nyudea 000 u eng r 020 $a978-92-1-113004-1* 032 $aLibriCat 040 $aPUL$bita 082 04$a338.9 245 00$aEconomic development in Africa. Report 2021:$breaping the potential benefits of the african continental free trade area for inclusive growth /. 260 $aNew York :$bUnited Nations Publications,$c2021. 300 $aXV, 204 p. :$bgrafici, ill., maps ;$c21 cm 490 1 $aEconomic development in Africa ;$aReport 2021 500 $aSul frontespizio: United Nations, Geneva. 650 4$aEconomia mondiale.$0(OLS)http://pul/subject/19449 650 4$aSviluppo economico$zAfrica.$0(OLS)http://pul/subject/46544 651 4$aAfrica$xEconomia.$0(OLS)http://pul/subject/35867 710 2 $aUnited Nations Conference on Trade and Development (UNCTAD).$0(OLS)http://pul/name/111492 830 0$aEconomic development in Africa ;$vReport 2021.$0(OLS)http://pul/title/216304 850 $aPUL 852 $aPUL$W1$xSL Diritto e Scienze Sociali 3$y79$m338. 9 UNCTAD 4.2$j199342$qDDC 21$B204015$CPULBib$Z2$F204015 $H135445 $82 941 1 $a9 996 $6020$a978-92-1-113004-1*$9(OLS)http://pul/number/168535 996 $6082$a338.9$9(OLS)http://pul/classification/697 996 $6245$aEconomic development in Africa. Report 2021:$breaping the potential benefits of the african continental free trade area for inclusive growth$9(OLS)http://pul/title/216446 996 $6260$aNew York :$bUnited Nations Publications$9(OLS)http://pul/publisher/87464